Visio 2000 Visual Insight
| Main Author: | |
|---|---|
| Format: | Book |
| Language: | English |
| Published: |
Scottsdale, AZ :
Coriolis Group Books ,
c2000
|
| Subjects: |
MARC
| LEADER | 00000cam a2200000 7i4500 | ||
|---|---|---|---|
| 001 | 0000010409 | ||
| 005 | 20230515.0 | ||
| 008 | 230515 azu eng | ||
| 020 | |a 1576105326 | ||
| 040 | |a INS | ||
| 090 | 0 | 0 | |a T353 |b .P637 2000 |
| 100 | 1 | |a Plotkin, David N. | |
| 245 | 1 | 0 | |a Visio 2000 Visual Insight |c David N. Plotkin |
| 260 | |a Scottsdale, AZ : |b Coriolis Group Books , |c c2000 | ||
| 300 | |a xviii, 294 p. : |b ill. ; |c 23 cm. | ||
| 500 | |a Includes index | ||
| 650 | 0 | |a Mechanical drawing | |
| 999 | |a 0000008896 |b BOOK |c Open Shelf |e Default branch | ||